Online katalóg knižníc regiónu Turca

Kone (Record no. 22726)

MARC details
000 -LEADER
fixed length control field 01213nam a2200373 a 4500
001 - CONTROL NUMBER
control field 22726
003 - CONTROL NUMBER IDENTIFIER
control field SK-KTurca
005 - DATE AND TIME OF LATEST TRANSACTION
control field 20260421154712.0
008 - FIXED-LENGTH DATA ELEMENTS--GENERAL INFORMATION
fixed length control field 251113s1996 xo a r slo
015 ## - NATIONAL BIBLIOGRAPHY NUMBER
National bibliography number SNBA1996/0601755
020 ## - INTERNATIONAL STANDARD BOOK NUMBER
International Standard Book Number 8071530786
035 ## - SYSTEM CONTROL NUMBER
System control number SNK000118116
035 ## - SYSTEM CONTROL NUMBER
System control number urn:nbn:sk:snk-amlk6l
035 ## - SYSTEM CONTROL NUMBER
System control number urn:nbn:sk:snk-am00bmsx
035 ## - SYSTEM CONTROL NUMBER
System control number B230EFA4-2E0F-409D-B1AD-C39437F6DF30
040 ## - CATALOGING SOURCE
Original cataloging agency SNK
Language of cataloging slo
Transcribing agency SNK
Description conventions AACR2
041 0# - LANGUAGE CODE
Language code of text/sound track or separate title slo
044 ## - COUNTRY OF PUBLISHING/PRODUCING ENTITY CODE
MARC country code xo
ISO country code SK
080 ## - UNIVERSAL DECIMAL CLASSIFICATION NUMBER
Universal Decimal Classification number 636.1(087.5)
Edition identifier 1981
100 1# - MAIN ENTRY--PERSONAL NAME
Personal name Clutton-Brock, Juliet,
Dates associated with a name 1933-2015
Relationship aut
245 1# - TITLE STATEMENT
Title Kone
Statement of responsibility, etc. napísala Juliet Cluttonová-Brocková ; [z anglického originálu preložil Milan Thurzo]
260 ## - PUBLICATION, DISTRIBUTION, ETC.
Place of publication, distribution, etc. Bratislava
Name of publisher, distributor, etc. Fortuna Print
Date of publication, distribution, etc. 1996
300 ## - PHYSICAL DESCRIPTION
Extent 63 s.
Other physical details Fotogr.
Dimensions 29 cm
490 1# - SERIES STATEMENT
Series statement Vidieť - poznať - vedieť
500 ## - GENERAL NOTE
General note Fotogr. na tit. strane a front. Ilustr. na predsádkach
500 ## - GENERAL NOTE
General note Údaj o prekl. prevzatý z rubu tit. strany
504 ## - BIBLIOGRAPHY, ETC. NOTE
Bibliography, etc. note Reg.
650 07 - SUBJECT ADDED ENTRY--TOPICAL TERM
Topical term or geographic name entry element kone
General subdivision knihy ilustrované detské
Source of heading or term SNK
655 #7 - INDEX TERM--GENRE/FORM
Genre/form data or focus term príručky
Source of term SNK
830 #0 - SERIES ADDED ENTRY--UNIFORM TITLE
Uniform title Vidieť - poznať - vedieť
911 ## - EQUIVALENCE OR CROSS-REFERENCE-CONFERENCE OR MEETING NAME [LOCAL, CANADA]
Meeting name or jurisdiction name as entry element KN 1996/06
Number [OBSOLETE] 01755
942 ## - ADDED ENTRY ELEMENTS (KOHA)
Source of classification or shelving scheme Dewey Decimal Classification
Koha item type Odborná literatúra pre deti
Suppress in OPAC No
Holdings
Stav vyradenia Strata Poškodenie Spôsob nadobudnutia Domovská knižnica Aktuálna knižnica Dátum nadobudnutia Total checkouts Čiarový kód exemplára Date last seen Typ exemplára
      Dar Obecná knižnica Horná Štubňa Obecná knižnica Horná Štubňa 21.04.2026   9788071530787 21.04.2026 Odborná literatúra pre deti
Projekt je podporený Slovenskou asociáciou knižníc
Prevádzkuje Turčianska knižnica Martin 2026